000 01187nam a2200277 i 4500
001 187631
003 ES-MaACL
005 20240607104417.0
008 171211s2016 sp |||| |dspa d
020 _a978-84-616-9269-9
080 _a821.134.2-1(082.2)
245 0 0 _aSilva de romances viejos /
_cJacobo Grimm ; prólogo y notas de José J. Labrador Herraiz, Ralph A. Di Franco ; biografía de Jacobo Grimm por José Manuel Pedrosa ; estudio de Vicenç Beltrán.
260 _aMéxico D.F. :
_bFrente de Afirmación Hispanista A.C.,
_c2016.
300 _a601 p. ;
_c17 cm.
504 _aBibliografía: p. 417-595.
534 _pReproducción de la edición:
_cVienna de Austria: en casa de Jacobo Mayer y comp. , 1815.
700 1 _aGrimm, Jacob (
_d1785-1863)
_960060
700 1 _aLabrador Herraiz, José J.
_969288
700 1 _aDiFranco, Ralph A.
_944793
700 1 _aPedrosa, José Manuel.
_989946
700 1 _aBeltrán, Vicenç,
_d1948-
_927350
852 _aES-MaACL
_jA-14127
_9194717
_bR.151173
_cDEPO1
_dOlim: N-7127
_hDonación: José J. Labrador Herraiz
903 _969288
_aLabrador Herraiz, José J.
_ednr
942 _2udc
_cMONOGRAFIA
999 _c187631
_d187631